La Estructura social ante la globalización: procesos de reordenamiento social en Centroamérica durante la década de los 90 /

সংরক্ষণ করুন:
গ্রন্থ-পঞ্জীর বিবরন
প্রধান লেখক: Pérez Sáinz, Juan Pablo
অন্যান্য লেখক: Bastos, Santiago, Andrade - Eekhoff, Katharine, Herradora, Michael
বিন্যাস: অজ্ঞাত
ভাষা:Spanish
প্রকাশিত: Costa Rica : FLACSO
বিষয়গুলি:
ট্যাগগুলো: ট্যাগ যুক্ত করুন
কোনো ট্যাগ নেই, প্রথমজন হিসাবে ট্যাগ করুন!

MARC

LEADER 00000 a2200000 04500
001 31041
003
008 050626s2004 cr spa d
040 |a CRAI/IIS  |c CRAI/IIS 
020 |a 9977-68-130-9  
090 |a 0004 P438e  
100 |a Pérez Sáinz, Juan Pablo  
245 |a La Estructura social ante la globalización: procesos de reordenamiento social en Centroamérica durante la década de los 90 /  |c Juan Pablo Pérez Sáinz  
260 |a Costa Rica :   |b FLACSO  
300 |a 169 p.  
650 |a ESTRUCTURA SOCIAL  
650 |a CLASIFICACION DEL EMPLEO  
650 |a TRABAJADORAS  
650 |a DESIGUALDAD SOCIAL  
650 |a REMESAS  
650 |a OPORTUNIDADES DE EMPLEO  
650 |a CONDICION SOCIAL  
700 |a Bastos, Santiago  
700 |a Andrade - Eekhoff, Katharine  
700 |a Herradora, Michael  
999 |c 3810  |d 3810